[Event "ESP-ch Seniora 50"]
[Site "Altea"]
[Date "2022.11.02"]
[Round "5"]
[White "Gonzalez Valero, Julio"]
[Black "Bevia Martinez, Luis"]
[Result "1/2-1/2"]
[WhiteElo "2242"]
[BlackElo "2107"]
[PlyCount "129"]
[EventDate "2022.10.29"]
[EventType "swiss"]
[EventRounds "9"]
[EventCountry "ESP"]
[SourceTitle "EXT 2024"]
[Source "ChessBase"]
[SourceDate "2023.10.10"]
[SourceVersion "1"]
[SourceVersionDate "2023.10.10"]
[SourceQuality "1"]
[WhiteTeam "Spain"]
[BlackTeam "Spain"]
[WhiteTeamCountry "ESP"]
[BlackTeamCountry "ESP"]

1. d4 Nf6 2. Bg5 e6 3. e4 h6 4. Bxf6 Qxf6 5. c3 e5 6. Bc4 exd4 7. cxd4 Bb4+ 8. Nc3 c5 9. Nf3 Nc6 10. 0-0 Bxc3 11. bxc3 cxd4 12. e5 Qd8 13. Nxd4 0-0 14. Nf3 Qa5 15. Qb3 Qc5 16. Qb5 d6 17. Qxc5 dxc5 18. Bd5 Be6 19. Bxc6 bxc6 20. Nd2 c4 21. Ne4 Rfb8 22. Rfd1 Rb2 23. Nc5 Bd5 24. Na6 Re8 25. Re1 Rc2 26. Re3 f6 27. Nb4 Rd2 28. Nxd5 Rxd5 29. e6 Re5 30. Rxe5 fxe5 31. Re1 Rxe6 32. Re4 Rd6 33. g3 Rd2 34. a4 Ra2 35. Rxc4 Kf7 36. Kg2 Ke7 37. Rxc6 Rxa4 38. Kf3 Ra2 39. h4 h5 40. Ke3 Kf7 41. f3 g6 42. c4 a5 43. Ra6 a4 44. Ke4 Re2+ 45. Kd3 Rf2 46. Ke3 Ra2 47. Ke4 Re2+ 48. Kd5 Re3 49. Rxa4 Rxf3 50. Kxe5 Rxg3 51. Ra7+ Ke8 52. c5 g5 53. c6 Rc3 54. hxg5 Rxc6 55. Rh7 Kf8 56. Kf5 Kg8 57. g6 Rc5+ 58. Kf6 h4 59. Ra7 Rc6+ 60. Kg5 h3 61. Kh6 Rf6 62. Ra2 Rf5 63. Ra8+ Rf8 64. Ra2 Rf5 65. Ra8+ 1/2-1/2

[Event "ESP-ch Seniors 50"]
[Site "Altea"]
[Date "2021.11.07"]
[Round "9"]
[White "Gonzalez Valero, Julio"]
[Black "Blanco Sanchez, Jose Fernando"]
[Result "1-0"]
[WhiteElo "2241"]
[BlackElo "1981"]
[PlyCount "102"]
[EventDate "2021.10.31"]
[EventType "swiss"]
[EventRounds "9"]
[EventCountry "ESP"]
[SourceTitle "CBM 205 Extra"]
[Source "ChessBase"]
[SourceDate "2022.01.31"]
[SourceVersion "1"]
[SourceVersionDate "2022.01.31"]
[SourceQuality "1"]

1. d4 d6 2. e4 g6 3. Nc3 Bg7 4. Be3 Nf6 5. f3 0-0 6. Qd2 e5 7. 0-0-0 Nc6 8. d5 Ne7 9. g4 Ne8 10. h4 f5 11. gxf5 gxf5 12. Bg5 f4 13. h5 Bf6 14. Bxf6 Nxf6 15. Bh3 h6 16. Bxc8 Rxc8 17. Nh3 Kh8 18. Qf2 Qd7 19. Rdg1 c6 20. Qxa7 cxd5 21. exd5 Nfxd5 22. Nxd5 Nxd5 23. Rg6 Kh7 24. Qa3 Qf5 25. Rh2 Rf6 26. Qb3 Ne7 27. Qxb7 Rf7 28. Rxd6 Qxh5 29. Rd7 Re8 30. Qe4+ Kh8 31. Rh1 Ng8 32. Rxf7 Qxf7 33. Kb1 Qh7 34. Nf2 Nf6 35. Qc6 Qg7 36. Ne4 Rf8 37. a4 Ng8 38. Qe6 Kh7 39. Rd1 Rf7 40. b3 Re7 41. Qf5+ Qg6 42. Qxg6+ Kxg6 43. Rg1+ Kf7 44. a5 Nf6 45. Nd6+ Ke6 46. Nc4 e4 47. fxe4 Nxe4 48. Kc1 f3 49. Rf1 f2 50. Nd2 Nxd2 51. Kxd2 Kd5 1-0

[Event "ESP-ch Seniors 50"]
[Site "Altea"]
[Date "2021.11.01"]
[Round "3"]
[White "Gonzalez Valero, Julio"]
[Black "Rodriguez Martin, Emilio"]
[Result "1-0"]
[WhiteElo "2241"]
[BlackElo "2150"]
[PlyCount "81"]
[EventDate "2021.10.31"]
[EventType "swiss"]
[EventRounds "9"]
[EventCountry "ESP"]
[SourceTitle "CBM 205 Extra"]
[Source "ChessBase"]
[SourceDate "2022.01.31"]
[SourceVersion "1"]
[SourceVersionDate "2022.01.31"]
[SourceQuality "1"]

1. d4 d5 2. c4 c6 3. Nf3 Nf6 4. e3 g6 5. Nc3 Bg7 6. Bd3 0-0 7. h3 dxc4 8. Bxc4 c5 9. 0-0 Nbd7 10. Qe2 cxd4 11. exd4 Nb6 12. Bb3 Nbd5 13. Re1 e6 14. Ne5 b6 15. Bg5 h6 16. Bxd5 exd5 17. Nc6 Qd6 18. Ne7+ Kh7 19. Bxf6 Bxf6 20. Nexd5 Bxd4 21. Rad1 Bg7 22. Ne4 Qc6 23. Ne7 Qe6 24. Nxc8 Raxc8 25. Qa6 Qc6 26. Rd6 Qc7 27. Nf6+ Kh8 28. Red1 Rcd8 29. Nd7 Rfe8 30. Qa4 Re1+ 31. Rxe1 Qxd6 32. Rd1 Qe7 33. Qxa7 Bxb2 34. Qxb6 Bg7 35. Qc6 Qe2 36. Qd5 Qc2 37. g3 h5 38. h4 Kg8 39. Kg2 Qa4 40. Rd2 Qa8 41. Kg1 1-0

[Event "Barcelona Sants op 17th"]
[Site "Barcelona"]
[Date "2015.08.28"]
[Round "8"]
[White "Vassallo Barroche, Mauricio"]
[Black "Gonzalez Valero, Julio"]
[Result "1-0"]
[WhiteElo "2430"]
[BlackElo "2246"]
[PlyCount "91"]
[EventDate "2015.08.21"]
[EventType "swiss"]
[EventRounds "10"]
[EventCountry "ESP"]
[SourceTitle "EXT 2016"]
[Source "ChessBase"]
[SourceDate "2015.10.08"]
[SourceVersion "1"]
[SourceVersionDate "2015.10.08"]
[SourceQuality "1"]

1. Nf3 d5 2. g3 c6 3. Bg2 Bg4 4. 0-0 Nd7 5. d4 e6 6. Nbd2 Ngf6 7. c3 Bd6 8. Re1 0-0 9. e4 dxe4 10. Nxe4 Nxe4 11. Rxe4 Nf6 12. Re1 Qb6 13. Qc2 Bf5 14. Qe2 Rfd8 15. Ne5 Qc7 16. Nc4 Nd5 17. Nxd6 Qxd6 18. Bg5 Rd7 19. Rad1 h6 20. Bc1 Rad8 21. a3 Qc7 22. h4 Qa5 23. g4 Bg6 24. h5 Bh7 25. Qf3 Nf6 26. Bf4 Qb5 27. b4 Qd5 28. Qh3 Qb3 29. g5 Bf5 30. Qh4 hxg5 31. Bxg5 Qxc3 32. Bxf6 gxf6 33. Re3 Qc2 34. Rg3+ Kh7 35. Rf1 Qd2 36. Qxf6 Qh6 37. Qe5 Rxd4 38. Bf3 R4d7 39. Kh1 Rg8 40. Rxg8 Kxg8 41. Rg1+ Kh7 42. Qb8 Bg6 43. Rg3 Rd5 44. Kg2 Rg5 45. hxg6+ Qxg6 46. Qxa7 1-0

[Event "Barcelona Sants op 17th"]
[Site "Barcelona"]
[Date "2015.08.25"]
[Round "5"]
[White "Gonzalez Valero, Julio"]
[Black "Valdes Romero, Leonardo"]
[Result "0-1"]
[WhiteElo "2246"]
[BlackElo "2396"]
[PlyCount "82"]
[EventDate "2015.08.21"]
[EventType "swiss"]
[EventRounds "10"]
[EventCountry "ESP"]
[SourceTitle "EXT 2016"]
[Source "ChessBase"]
[SourceDate "2015.10.08"]
[SourceVersion "1"]
[SourceVersionDate "2015.10.08"]
[SourceQuality "1"]

1. d4 Nf6 2. Bg5 g6 3. Bxf6 exf6 4. c4 h5 5. g3 h4 6. Bg2 f5 7. Nc3 d6 8. e3 c6 9. Nge2 Nd7 10. Qd3 Nf6 11. 0-0-0 Ng4 12. Rdf1 Qe7 13. h3 Nf6 14. Kb1 Bg7 15. Ka1 Bd7 16. Re1 0-0-0 17. f3 hxg3 18. Nxg3 Nh5 19. Nxh5 Rxh5 20. f4 Qh4 21. Re2 Rhh8 22. a3 Rhe8 23. Rhe1 Qh8 24. Ka2 Qh4 25. b4 Kc7 26. b5 Rb8 27. Rb1 Rec8 28. Reb2 Qg3 29. c5 dxc5 30. d5 cxb5 31. Nxb5+ Bxb5 32. Qxb5 Bxb2 33. Qxc5+ Kd7 34. Qb5+ Kd8 35. Rxb2 Qxe3 36. Re2 Rc5 37. Qb2 Qc3 38. d6 Qxb2+ 39. Kxb2 Rb5+ 40. Kc3 Rb6 41. Bd5 Rc8+ 0-1

[Event "Barcelona Sants op 17th"]
[Site "Barcelona"]
[Date "2015.08.24"]
[Round "4"]
[White "Porta Tovar, Guillem"]
[Black "Gonzalez Valero, Julio"]
[Result "0-1"]
[WhiteElo "2095"]
[BlackElo "2246"]
[PlyCount "102"]
[EventDate "2015.08.21"]
[EventType "swiss"]
[EventRounds "10"]
[EventCountry "ESP"]
[SourceTitle "EXT 2016"]
[Source "ChessBase"]
[SourceDate "2015.10.08"]
[SourceVersion "1"]
[SourceVersionDate "2015.10.08"]
[SourceQuality "1"]

1. e4 c5 2. Nf3 Nc6 3. d3 g6 4. g3 Bg7 5. Bg2 d6 6. 0-0 e5 7. c3 Nge7 8. a3 0-0 9. b4 Qc7 10. Nbd2 h6 11. Nb3 b6 12. Bb2 Be6 13. b5 Bxb3 14. Qxb3 Na5 15. Qc2 c4 16. d4 Nb3 17. Rad1 a6 18. bxa6 Rxa6 19. d5 f5 20. Nh4 f4 21. Bh3 Bf6 22. Qe2 Bxh4 23. gxh4 f3 24. Qe3 Rf4 25. Kh1 Qc5 26. Rd4 Ra8 27. Bc1 Raf8 28. Rdd1 Rxh4 29. Be6+ Kg7 30. Qe1 Nxc1 31. Rxc1 Rff4 32. Qd1 Rxe4 33. Qxf3 Ref4 34. Qe3 Rf8 35. Qxc5 bxc5 36. a4 Rhf4 37. Rc2 Ra8 38. Ra1 Ra5 39. Rb2 Rf3 40. Rb7 Kf6 41. Rb6 Rxc3 42. Rxd6 Nf5 43. Bxf5+ Kxf5 44. Rg1 Rd3 45. Rgxg6 c3 46. f3 Kf4 47. Rg1 c2 48. Rxh6 Rd1 49. Rh4+ Ke3 50. Rc4 Rxg1+ 51. Kxg1 Kd3 0-1

[Event "Barcelona Sants op 17th"]
[Site "Barcelona"]
[Date "2015.08.22"]
[Round "2"]
[White "Riff, Jean Noel"]
[Black "Gonzalez Valero, Julio"]
[Result "1-0"]
[WhiteElo "2519"]
[BlackElo "2246"]
[PlyCount "77"]
[EventDate "2015.08.21"]
[EventType "swiss"]
[EventRounds "10"]
[EventCountry "ESP"]
[SourceTitle "EXT 2016"]
[Source "ChessBase"]
[SourceDate "2015.10.08"]
[SourceVersion "1"]
[SourceVersionDate "2015.10.08"]
[SourceQuality "1"]

1. e4 c5 2. Nf3 Nc6 3. Bb5 g6 4. 0-0 Bg7 5. c3 Nf6 6. Re1 0-0 7. h3 d5 8. e5 Ne8 9. d4 Qa5 10. Bf1 cxd4 11. cxd4 b5 12. Nbd2 Nc7 13. Nb3 Qb6 14. Be3 Ne6 15. Rc1 Rd8 16. Ng5 Na5 17. Qf3 Nxg5 18. Bxg5 Nxb3 19. Qxb3 Bf8 20. Rc5 a6 21. a4 Qa5 22. Ra1 h6 23. Be3 e6 24. Rcc1 Bd7 25. axb5 Qb6 26. Bd2 axb5 27. Qd3 b4 28. h4 h5 29. Be2 Rdc8 30. g4 hxg4 31. Bxg4 Bb5 32. Qe3 Rxa1 33. Rxa1 Qd8 34. Qg3 Rc2 35. Bxe6 fxe6 36. Qxg6+ Bg7 37. Qxc2 Qxh4 38. Ra8+ Kf7 39. Ra7+ 1-0

[Event "Barcelona Sants op 16th"]
[Site "Barcelona"]
[Date "2014.08.26"]
[Round "5"]
[White "Gonzalez Valero, Julio"]
[Black "Narciso Dublan, Marc"]
[Result "0-1"]
[WhiteElo "2288"]
[BlackElo "2515"]
[PlyCount "92"]
[EventDate "2014.08.22"]
[EventType "swiss"]
[EventRounds "10"]
[EventCountry "ESP"]
[SourceTitle "CBM 162 Extra"]
[Source "ChessBase"]
[SourceDate "2014.10.17"]
[SourceVersion "1"]
[SourceVersionDate "2014.10.17"]
[SourceQuality "1"]

1. d4 f5 2. Nf3 e6 3. g3 Nf6 4. Bg2 d5 5. 0-0 Bd6 6. c4 0-0 7. Nc3 c6 8. Qc2 Qe7 9. Bf4 Bxf4 10. gxf4 Bd7 11. Rab1 Be8 12. b4 dxc4 13. b5 Nd5 14. bxc6 Bxc6 15. e3 Nd7 16. a4 Nxc3 17. Qxc3 Rfc8 18. Rfc1 Be4 19. Rb5 Rc7 20. Ne5 Bxg2 21. Kxg2 Rac8 22. Qb4 Qxb4 23. Rxb4 Nxe5 24. fxe5 c3 25. Kf3 Kf7 26. Ke2 f4 27. Rc2 fxe3 28. fxe3 g5 29. Kd3 Kg6 30. a5 h5 31. Rb1 g4 32. Rf1 Rf7 33. Rb1 Rfc7 34. Rf1 Rf7 35. Rb1 h4 36. Rxc3 Rxc3+ 37. Kxc3 h3 38. e4 Rf3+ 39. Kc4 Rf2 40. Rh1 Re2 41. Kd3 Ra2 42. Rg1 Rg2 43. Rf1 Rxh2 44. d5 g3 45. d6 Rf2 46. Rg1 Rf3+ 0-1

[Event "Barcelona Sants op 16th"]
[Site "Barcelona"]
[Date "2014.08.24"]
[Round "3"]
[White "Gonzalez Valero, Julio"]
[Black "Cuartas, Jaime Alexander"]
[Result "0-1"]
[WhiteElo "2288"]
[BlackElo "2489"]
[PlyCount "84"]
[EventDate "2014.08.22"]
[EventType "swiss"]
[EventRounds "10"]
[EventCountry "ESP"]
[SourceTitle "CBM 162 Extra"]
[Source "ChessBase"]
[SourceDate "2014.10.17"]
[SourceVersion "1"]
[SourceVersionDate "2014.10.17"]
[SourceQuality "1"]

1. d4 d5 2. c4 e5 3. dxe5 d4 4. Nf3 Nc6 5. a3 Nge7 6. b4 Ng6 7. Bb2 a5 8. b5 Ncxe5 9. Nxe5 Nxe5 10. e3 Be6 11. Bxd4 Nxc4 12. Qc2 Qd5 13. Bd3 Nd6 14. 0-0 Nxb5 15. Bxb5+ Qxb5 16. Qxc7 Rc8 17. Qg3 h5 18. Nc3 Qc6 19. Rfb1 h4 20. Qf3 Qxf3 21. gxf3 Rh6 22. Kf1 Rg6 23. Rxb7 Bc4+ 24. Ne2 Ba6 25. Rb2 Bxa3 26. Rb6 Rxb6 27. Bxb6 Bb4 28. Bxa5 Bxa5 29. Rxa5 Rc1+ 30. Kg2 Bxe2 31. h3 Bf1+ 32. Kh2 Rc2 33. Kg1 Bxh3 34. Rh5 Rc6 35. Rxh4 Rg6+ 36. Kh2 Bf1 37. Re4+ Kf8 38. Rf4 f6 39. Kh1 Kf7 40. Kh2 Rg2+ 41. Kh1 Rg5 42. Kh2 Bg2 0-1

[Event "Barcelona Sants op 15th"]
[Site "Barcelona"]
[Date "2013.08.30"]
[Round "8"]
[White "Pardo Simon, David"]
[Black "Gonzalez Valero, Julio"]
[Result "1-0"]
[WhiteElo "2441"]
[BlackElo "2274"]
[PlyCount "49"]
[EventDate "2013.08.23"]
[EventType "swiss"]
[EventRounds "10"]
[EventCountry "ESP"]
[SourceTitle "EXT 2014"]
[Source "ChessBase"]
[SourceDate "2013.11.20"]
[SourceVersion "1"]
[SourceVersionDate "2013.11.20"]
[SourceQuality "1"]

1. e4 c5 2. Nc3 Nc6 3. Bb5 g6 4. Bxc6 bxc6 5. d3 Bg7 6. f4 d6 7. Nf3 Nh6 8. 0-0 0-0 9. Qe1 f5 10. e5 Qc7 11. Rf2 Rb8 12. Re2 Nf7 13. b3 Nd8 14. Na4 Bd7 15. Bb2 Ne6 16. exd6 Qxd6 17. Bxg7 Kxg7 18. g3 Nd4 19. Nxd4 Qxd4+ 20. Re3 Rf7 21. c3 Qd6 22. Re5 Rb5 23. Qe3 Bc8 24. Nxc5 Kg8 25. Re1 1-0

[Event "ESP-ch op"]
[Site "Leon"]
[Date "2006.11.25"]
[Round "4"]
[White "Fernandez Romero, Ernesto"]
[Black "Gonzalez Valero, Julio"]
[Result "1/2-1/2"]
[WhiteElo "2442"]
[BlackElo "2287"]
[PlyCount "105"]
[EventDate "2006.11.22"]
[EventType "swiss"]
[EventRounds "9"]
[EventCountry "ESP"]
[SourceTitle "CBM 115 Extra"]
[Source "ChessBase"]
[SourceDate "2007.01.10"]
[SourceVersion "1"]
[SourceVersionDate "2007.01.10"]
[SourceQuality "1"]

1. e4 c5 2. Nf3 Nc6 3. d4 cxd4 4. Nxd4 g6 5. Nc3 Bg7 6. Be3 Nf6 7. Bc4 0-0 8. Bb3 d6 9. f3 Nxd4 10. Bxd4 Be6 11. Bxe6 fxe6 12. Qd2 Qa5 13. 0-0-0 Rac8 14. Kb1 Rc4 15. Ne2 Qxd2 16. Rxd2 Rfc8 17. c3 Bh6 18. Rdd1 Nd7 19. h4 e5 20. Bf2 a6 21. h5 Bg5 22. Rh3 Nf8 23. hxg6 hxg6 24. Rdh1 b5 25. Bh4 Bxh4 26. Rxh4 a5 27. g3 Kg7 28. b3 R4c6 29. f4 a4 30. f5 axb3 31. axb3 Rxc3 32. Nxc3 Rxc3 33. Kb2 Rxg3 34. Ka3 gxf5 35. exf5 Nd7 36. R1h3 Rxh3 37. Rxh3 Kf6 38. Kb4 Kxf5 39. Kxb5 e4 40. Kc6 Ke6 41. Rh6+ Nf6 42. b4 e3 43. b5 d5 44. b6 e2 45. Rh1 d4 46. b7 Nd7 47. Rh6+ Nf6 48. Rh1 Nd7 49. Rh6+ Nf6 50. b8Q e1Q 51. Qb3+ Ke5 52. Qb5+ Kf4 53. Qc4 1/2-1/2

[Event "ESP-chT Premier North"]
[Site "Barcelona"]
[Date "2005.08.11"]
[Round "1"]
[White "Gonzalez Valero, Julio"]
[Black "Baron Rodriguez, Jesus"]
[Result "0-1"]
[WhiteElo "2288"]
[BlackElo "2445"]
[PlyCount "80"]
[EventDate "2005.08.01"]
[EventType "team-tourn"]
[EventRounds "6"]
[EventCountry "ESP"]
[SourceTitle "CBM 107 Extra"]
[Source "ChessBase"]
[SourceDate "2005.09.01"]
[SourceVersion "1"]
[SourceVersionDate "2005.09.01"]
[SourceQuality "1"]

1. d4 Nf6 2. Bg5 d5 3. Bxf6 exf6 4. e3 Bd6 5. c4 dxc4 6. Bxc4 0-0 7. Nc3 f5 8. Nf3 Nd7 9. 0-0 Nf6 10. Qc2 c6 11. Rfd1 Qe7 12. a3 g6 13. d5 Bd7 14. Qb3 b5 15. Bf1 a6 16. g3 Rfd8 17. Bg2 c5 18. a4 Ne4 19. axb5 Nxc3 20. bxc3 axb5 21. Ra2 Rdb8 22. Rda1 Rxa2 23. Rxa2 h5 24. Ra7 Qd8 25. Qa2 Be8 26. h4 b4 27. cxb4 cxb4 28. Qb3 Ra8 29. Rxa8 Qxa8 30. Nd4 Qa1+ 31. Bf1 Ba4 32. Qc4 Qa3 33. Qc8+ Kg7 34. Qb7 b3 35. Ne6+ Kf6 36. Ng5 Be7 37. e4 Qb4 38. Qxb4 Bxb4 39. Bd3 fxe4 40. Bxe4 Bd7 0-1

[Event "Calvia U2300 opB"]
[Site "Mallorca"]
[Date "2004.10.28"]
[Round "8"]
[White "Schulz, Michael"]
[Black "Gonzalez Valero, Julio"]
[Result "0-1"]
[WhiteElo "2243"]
[BlackElo "2264"]
[PlyCount "116"]
[EventDate "2004.10.22"]
[EventType "swiss"]
[EventRounds "9"]
[EventCountry "ESP"]
[SourceTitle "EXT 2005"]
[Source "ChessBase"]
[SourceDate "2004.11.15"]
[SourceVersion "1"]
[SourceVersionDate "2004.11.15"]
[SourceQuality "1"]

1. e4 e5 2. f4 Bc5 3. Qh5 d6 4. fxe5 g6 5. Qe2 dxe5 6. Nf3 Nc6 7. c3 Bg4 8. h3 Be6 9. b4 Bd6 10. d3 Qd7 11. Be3 f5 12. Ng5 f4 13. Bf2 Nf6 14. Nd2 Bg8 15. a3 0-0-0 16. Ngf3 Bf7 17. Qd1 Kb8 18. Qa4 Nd4 19. Qxd7 Nxf3+ 20. gxf3 Rxd7 21. h4 c6 22. d4 Nh5 23. Bc4 Bc7 24. Bxf7 Rxf7 25. Nc4 Re8 26. 0-0-0 Ng3 27. Rhe1 b6 28. Rd2 Rd7 29. Red1 Kc8 30. Kb2 Re6 31. a4 exd4 32. cxd4 Bd8 33. Ne5 Rc7 34. Nd3 g5 35. Kb3 Kb7 36. a5 h5 37. hxg5 Bxg5 38. Rc2 h4 39. Bg1 Rh7 40. Rdc1 h3 41. Bh2 Rd7 42. Bg1 Rh7 43. axb6 axb6 44. b5 cxb5 45. d5 Reh6 46. Bh2 Nh5 47. e5 Ng3 48. Ra2 Nf5 49. Rca1 Nd4+ 50. Kc3 Rc7+ 51. Kd2 Nb3+ 52. Kd1 Nxa1 53. Rxa1 Rc4 54. d6 Rh8 55. Rb1 Ra8 56. e6 Rd4 57. Rxb5 Rxd3+ 58. Kc2 Rxd6 0-1

[Event "Calvia U2300 opB"]
[Site "Mallorca"]
[Date "2004.10.26"]
[Round "6"]
[White "Tologontegin, Semetey"]
[Black "Gonzalez Valero, Julio"]
[Result "1/2-1/2"]
[WhiteElo "2215"]
[BlackElo "2264"]
[PlyCount "46"]
[EventDate "2004.10.22"]
[EventType "swiss"]
[EventRounds "9"]
[EventCountry "ESP"]
[SourceTitle "EXT 2005"]
[Source "ChessBase"]
[SourceDate "2004.11.15"]
[SourceVersion "1"]
[SourceVersionDate "2004.11.15"]
[SourceQuality "1"]

1. e4 c5 2. Nf3 Nc6 3. Nc3 g6 4. d4 cxd4 5. Nxd4 Bg7 6. Be3 Nf6 7. Be2 0-0 8. 0-0 d5 9. exd5 Nxd5 10. Nxd5 Qxd5 11. Bf3 Qc4 12. Nxc6 bxc6 13. c3 Bf5 14. Qb3 Qa6 15. Qb4 Rfb8 16. Qxe7 Rxb2 17. Rfd1 h5 18. Bd4 Bxd4 19. cxd4 Rxa2 20. Rxa2 Qxa2 21. Bxc6 Qc2 22. Bf3 Bg4 23. Qe3 Bxf3 1/2-1/2

[Event "Benidorm Bali op-A"]
[Site "Benidorm"]
[Date "2003.11.24"]
[Round "4"]
[White "Madina Yadarola, Martin"]
[Black "Gonzalez Valero, Julio"]
[Result "0-1"]
[WhiteElo "2262"]
[BlackElo "2231"]
[PlyCount "88"]
[EventDate "2003.11.21"]
[EventType "swiss"]
[EventRounds "9"]
[EventCountry "ESP"]
[SourceTitle "CBM 097 Extra"]
[Source "ChessBase"]
[SourceDate "2004.01.13"]
[SourceVersion "1"]
[SourceVersionDate "2004.01.13"]
[SourceQuality "1"]

1. Nf3 d5 2. d3 Bg4 3. Nbd2 Nd7 4. e4 e6 5. h3 Bh5 6. g4 Bg6 7. Bg2 Bd6 8. Qe2 c6 9. e5 Bc5 10. Nb3 Bb6 11. Bg5 Qc7 12. a4 a6 13. Be3 c5 14. c4 Ne7 15. Bf4 h5 16. Nh4 dxc4 17. dxc4 0-0-0 18. 0-0-0 Bh7 19. Rd6 Nb8 20. Nf3 Nbc6 21. Ng5 Bg6 22. Ne4 Nb4 23. Rhd1 Nec6 24. Bg5 Rxd6 25. exd6 Qd7 26. Bf4 e5 27. Bd2 hxg4 28. hxg4 Rh2 29. Bf3 Rxf2 30. Qe3 Nd4 31. Nxd4 exd4 32. Qb3 Bxe4 33. Bxe4 Qxd6 34. Bf5+ Kb8 35. Kb1 Ka7 36. Be1 Rf1 37. Bxb4 Rxd1+ 38. Qxd1 cxb4 39. Be4 Qg3 40. Bd5 f6 41. Bf3 Qf2 42. Qd3 Qe3 43. Qf5 b3 44. Ka1 d3 0-1

[Event "Medina del Campo op"]
[Site "Medina del Campo"]
[Date "2001.??.??"]
[Round "4"]
[White "Santos, Carlos Pereira Dos"]
[Black "Gonzalez Valero, Julio"]
[Result "1-0"]
[WhiteElo "2430"]
[BlackElo "2241"]
[PlyCount "69"]
[EventDate "2001.10.30"]
[EventType "swiss"]
[EventRounds "9"]
[EventCountry "ESP"]
[SourceTitle "EXT 2003"]
[Source "ChessBase"]
[SourceDate "2002.11.25"]
[SourceVersion "1"]
[SourceVersionDate "2002.11.25"]
[SourceQuality "1"]

1. d4 d5 2. c4 c6 3. Nf3 Nf6 4. Nc3 dxc4 5. a4 Bf5 6. e3 e6 7. Bxc4 Bb4 8. 0-0 Nbd7 9. Qe2 0-0 10. e4 Bg6 11. Bd3 Qc7 12. e5 Nd5 13. Bxg6 hxg6 14. Nxd5 cxd5 15. Bd2 Bxd2 16. Qxd2 Rfc8 17. Ng5 Nf8 18. Qf4 f6 19. Nf3 g5 20. Qg4 Qc2 21. exf6 gxf6 22. Rfe1 Rc7 23. h4 Rac8 24. b4 Rg7 25. hxg5 Rc3 26. a5 Kh8 27. Qf4 Qg6 28. Qxf6 Qxf6 29. gxf6 Rg6 30. Ne5 Rxf6 31. Rac1 Rb3 32. Rc8 Kg8 33. Re3 Rb1+ 34. Kh2 Rh6+ 35. Rh3 1-0